| 000 | 00678nam a2200217 a 4500 | ||
|---|---|---|---|
| 999 |
_c8054 _d8054 |
||
| 001 | 8054 | ||
| 003 | BD-JhCC | ||
| 005 | 20180218081828.0 | ||
| 008 | 180218s2008 bg |||| || | 000 0 ben d | ||
| 035 | _a(BD-JhCC)8054 | ||
| 040 |
_aBD-JhCC _dBD-JhCC |
||
| 041 | _aben | ||
| 082 |
_a954.92 _bISL 2008 |
||
| 100 | _aইসলাম, সিরাজুল | ||
| 245 |
_aবাংলার ইতিহাস : ঔপনিবেশিক শাসনকাঠামো / _cসিরাজুল ইসলাম, |
||
| 260 |
_aঢাকা : _bচয়নিকা _c2008 |
||
| 300 |
_a358 p. : _c22 cm. |
||
| 650 |
_aHistory _zBangladesh |
||
| 942 |
_2ddc _cBK |
||